Statistics for Top Pineapple Producing Countries

Click here to take the quiz!

General Stats

  • This quiz has been taken 29 times
  • The average score is 10 of 15

Answer Stats

RankCountryPineapple Production (Metric tonnes)% Correct
4India 1,964,000
97%
7China 1,550,965
93%
8Indonesia1,396,153
90%
2Brazil2,694,555
83%
9Mexico875,839
83%
3Philippines 2,612,474
83%
5Thailand1,811,591
83%
10Colombia 755,971
79%
13Vietnam 555,407
76%
15Peru 461,286
66%
6Nigeria 1,591,276
52%
14Taiwan527,161
45%
12Angola 644,373
38%
1Costa Rica2,930,661
38%
11Ghana 661,500
17%

Score Distribution

Percentile by Number Answered

Percent of People with Each Score

Your Score History

You have not taken this quiz